Statistics for Random Countries in a Click Map Quiz

Click here to take the quiz!

General Stats

  • This quiz has been taken 21 times
  • The average score is 33 of 50

Answers on the Map

Answers color-coded by a green-red scale on the quiz's map according to % correct below.
 

Answer Stats

Answer% Correct
United States
94%
China
81%
India
81%
Russia
81%
Venezuela
81%
Germany
75%
Japan
75%
Madagascar
75%
Morocco
75%
Norway
75%
Philippines
75%
South Africa
75%
United Kingdom
75%
Uruguay
75%
Brazil
69%
Democratic Republic of the Congo
69%
Ecuador
69%
Greece
69%
Malta
69%
Portugal
69%
Vietnam
69%
Yemen
69%
Bhutan
63%
Chad
63%
Cuba
63%
Israel
63%
Lesotho
63%
Netherlands
63%
Slovenia
63%
Sri Lanka
63%
Switzerland
63%
Tajikistan
63%
Togo
63%
Tuvalu
63%
United Arab Emirates
63%
Armenia
56%
Bangladesh
56%
Bolivia
56%
Bosnia and Herzegovina
56%
Cyprus
56%
Jamaica
56%
Kenya
56%
Mauritius
56%
Montenegro
56%
Rwanda
56%
Uzbekistan
56%
Uganda
50%
Brunei
44%
Grenada
44%
Trinidad and Tobago
44%

Score Distribution

Percentile by Number Answered

Percent of People with Each Score

Your Score History

You have not taken this quiz